La justicia y el orden social.
Saved in:
| Hovedforfatter: | |
|---|---|
| Andre forfattere: | , , , , |
| Format: | Bog |
| Sprog: | spansk |
| Udgivet: |
Mendoza, República Argentina:
Ediciones IDEARIUM,
1977.
|
| Fag: | |
| Tags: |
Tilføj Tag
Ingen Tags, Vær først til at tagge denne postø!
|
MARC
| LEADER | 00000nam a2200000 a 4500 | ||
|---|---|---|---|
| 001 | UCS9772 | ||
| 003 | CL-VaPUC | ||
| 005 | 20240426154319.0 | ||
| 008 | 971121e19770000AG |||||||||||||||||spa|d | ||
| 999 | |c 263533 |d 263531 | ||
| 040 | |c Pontificia Universidad Católica de Valparaíso | ||
| 082 | 0 | 4 | |a 340.11 CAS 1977 |2 21 |
| 100 | 0 | |a Casares, Tomás D |e autor |9 395072 | |
| 245 | 1 | 3 | |a La justicia y el orden social. |
| 260 | |a Mendoza, República Argentina: |b Ediciones IDEARIUM, |c 1977. | ||
| 300 | |a 112 páginas. | ||
| 500 | |a c.2 Donación Familia Prof. Alejandro Guzmán Brito. | ||
| 583 | |a last modification |c 19971121 00:00:00 |k Rodrigo Vera | ||
| 650 | 0 | |a Filosofía del derecho |9 255050 | |
| 650 | 0 | |a Justicia |9 255408 | |
| 650 | 0 | |a Normas jurídicas |9 258310 | |
| 650 | 0 | |a Derecho natural |9 255041 | |
| 650 | 0 | |a Derechos humanos |9 223025 | |
| 650 | 0 | |a Derecho internacional |9 255637 | |
| 650 | 0 | |a Derecho y sociedad |2 CL-VaPUC |9 255963 | |
| 650 | 0 | |a Derecho y política |9 257017 | |
| 700 | |a Goldschmidt, Werner |e autor |9 395073 | ||
| 700 | 0 | |a Rossi, Abelardo F |e autor |9 395074 | |
| 700 | 0 | |a Espinosa, Nolberto A |e autor |9 395075 | |
| 700 | |a Hübner Gallo, Jorge Iván |e autor |9 381209 | ||
| 700 | 0 | |a Soler Miralles, Julio E |e autor |9 395077 | |
| 942 | |c BK |2 ddc |n 0 | ||
| 945 | |d 19971121 00:00:00 |a cmena | ||
| 952 | |0 0 |1 0 |4 0 |6 340_110000000000000_CAS_1977 |7 0 |8 DER_TF |9 292862 |a BIBDER |b BIBDER |d 2019-11-19 |i 1906550 |l 1 |o 340.11 CAS 1977 |p 1906550 |r 2023-01-25 |s 2020-03-18 |w 2019-11-19 |x Ubicación 4to Piso |y BK |z Estos recursos deben solicitarse con anticipación |k DER | ||